004810000a220010900045001000029000002450148000293000047001777730032002249420008002569520090002649990017003541 aSánchez Cetina, Edesio10aGénesis 11.1-9 y su contexto literario : Éste pasaje cierra la sección conocida como la "pre-historia" de la historia del pueblo de Dios aVol. 54, Núm 242 (1999), Páginas 18-200 tLa Biblia de las Américas cANA 001040708HEMaFUSBCbFUSBCd2016-01-26l0o r2016-01-26 00:00:00w2016-01-26yANA c51544d51544